SOFTWARE ARCHITECTURE DESIGN JAVA / (Record no. 587443)

000 -LEADER
fixed length control field 00331nam a22001337a 4500
020 ## - INTERNATIONAL STANDARD BOOK NUMBER
Qualifying information HP.
040 ## - CATALOGING SOURCE
Transcribing agency FIZZA ISHAQ
082 ## - DEWEY DECIMAL CLASSIFICATION NUMBER
Classification number 005.133
Author Mark PAR
100 ## - MAIN ENTRY--PERSONAL NAME
Personal name KUCHANA, PARTHA.
9 (RLIN) 86974
245 ## - TITLE STATEMENT
Title SOFTWARE ARCHITECTURE DESIGN JAVA /
Statement of responsibility, etc. PARTHA KUCHANA.
260 ## - PUBLICATION, DISTRIBUTION, ETC.
Place of publication, distribution, etc. NEW YORK :
Name of publisher, distributor, etc. CRC
Date of publication, distribution, etc. 2004.
300 ## - PHYSICAL DESCRIPTION
Extent 492 P. ;
942 ## - ADDED ENTRY ELEMENTS (KOHA)
Source of classification or shelving scheme
Koha item type Book
Holdings
Withdrawn status Lost status Source of classification or shelving scheme Damaged status Not for loan Permanent Location Current Location Date acquired Total Checkouts Full call number Barcode Date last seen Price effective from Koha item type
          NUST Baluchistan Campus (NBC) NUST Baluchistan Campus (NBC) 12/23/2021   005.133 PAR Q-2246 12/23/2021 12/23/2021 Book
© 2023 Central Library, National University of Sciences and Technology. All Rights Reserved.